Olympischer Medaillenspiegel - Handball - Statistiken

Allgemein
  • Dieses Quiz wurde 107 mal gespielt
  • Das Durchschnittsergebnis liegt bei 12 aus 15
Antwortstatistiken
Gesamt Gold Silber Bronze Land % Korrekt
3 1 1 1 DDR
99%
7 4 2 1 Frankreich
99%
3 1 1 1 Deutschland
98%
5 0 4 1 Schweden
96%
4 4 1 0 Dänemark
95%
7 2 2 3 Norwegen
93%
5 2 2 1 Russland
93%
5 0 0 5 Spanien
93%
3 2 0 1 Kroatien
84%
6 4 1 1 Sowjetunion
75%
2 1 0 1 Vereintes Team
75%
5 3 1 1 Jugoslawien
69%
3 0 1 2 Ungarn
63%
4 0 1 3 Rumänien
55%
7 2 4 1 Südkorea
29%
Keine übereinstimmenden Quizze gefunden
Verteilung der Resultate
Anzahl Personen mit jedem Resultat
Perzentil nach korrekt beantworteten Fragen
Ihre Resultats-Entwicklung
Sie haben dieses Quiz noch nicht gespielt